Countries Visiting Serbia the Most - Statistics

General Stats
  • This quiz has been taken 999 times
    938 since last reset
  • The average score is 13 of 15
Answer Stats
Visitors Country % Correct
74,025 Croatia
96%
101,861 Bosnia and Herzegovina
94%
75,570 Bulgaria
92%
66,923 Romania
92%
44,079 Russia
91%
55,499 Greece
89%
39,302 Hungary
89%
69,967 Montenegro
89%
80,130 Germany
88%
53,197 North Macedonia
86%
72,171 Slovenia
84%
44,035 Italy
80%
90,128 Turkey
78%
54,408 Poland
63%
92,230 China
62%
No matching quizzes found
Score Distribution
Percent of People with Each Score
Percentile by Number Answered
Your Score History
You have not taken this quiz since the last reset